logo

Bir Sreshtho Munshi Abdur Rouf Library
Jhenaidah Cadet College

A new earth : (Record no. 7346)

MARC details
000 -LEADER
fixed length control field 02312cam a2200373Ia 4500
001 - CONTROL NUMBER
JCCL Control Number 7346
003 - CONTROL NUMBER IDENTIFIER
JCCL marc code BD-JhCC
005 - DATE AND TIME OF LATEST TRANSACTION
control field 20180208093118.0
008 - FIXED-LENGTH DATA ELEMENTS--GENERAL INFORMATION
fixed length control field 080201r20062005nyu b 000 0 eng d
020 ## - INTERNATIONAL STANDARD BOOK NUMBER
International Standard Book Number 9780452289963
020 ## - INTERNATIONAL STANDARD BOOK NUMBER
International Standard Book Number 0452289963
020 ## - INTERNATIONAL STANDARD BOOK NUMBER
International Standard Book Number 9780452287587 (pbk.)
020 ## - INTERNATIONAL STANDARD BOOK NUMBER
International Standard Book Number 0452287588 (pbk.)
029 1# - (OCLC)
OCLC library identifier NLGGC
System control number 312672292
035 ## - SYSTEM CONTROL NUMBER
system control number (BD-JhCC)7346
035 ## - SYSTEM CONTROL NUMBER
system control number (OCoLC)123118934
035 ## - SYSTEM CONTROL NUMBER
system control number (OCoLC)192003604
040 ## - CATALOGING SOURCE
Original cataloging agency UPZ
Transcribing agency UPZ
Modifying agency OCLCG
-- PX0
-- EPL
-- CD5
-- JED
-- IEF
-- BTCTA
-- BAKER
-- ZJI
-- YDXCP
-- Q2Z
-- MYG
-- OrLoB-B
-- BD-JhCC
041 ## - LANGUAGE CODE
Language code of Book eng
050 14 - LIBRARY OF CONGRESS CALL NUMBER
Classification number BL624.T635 2006
082 04 - DEWEY DECIMAL CLASSIFICATION NUMBER
Classification number 204/.4
DDC Edition number 22
Author mark and Year TOL 2006
100 1# - MAIN ENTRY--PERSONAL NAME
Personal name Tolle, Eckhart,
Dates associated with a name 1948-
245 12 - TITLE STATEMENT
Title A new earth :
Remainder of title awakening to your life's purpose /
Statement of responsibility, etc Eckhart Tolle.
260 ## - PUBLICATION, DISTRIBUTION, ETC. (IMPRINT)
Place of publication, distribution, etc New York :
Name of publisher, distributor, etc Plume,
Date of publication, distribution, etc 2006.
300 ## - PHYSICAL DESCRIPTION
Pagination [xiv], 316 p. ;
Dimensions 24 cm.
500 ## - GENERAL NOTE
General note Originally published: New York : Dutton/Penguin Group, 2005.
504 ## - BIBLIOGRAPHY, ETC. NOTE
Bibliography, etc Includes bibliographical references (p. 311-313).
505 00 - FORMATTED CONTENTS NOTE
Title The flowering of human consciousness --
-- Ego : the current state of humanity --
-- The core of ego --
-- Role-playing : the many faces of the ego --
-- The pain-body --
-- Breaking free --
-- Finding who you truly are --
-- The discovery of inner space --
-- Your inner purpose --
-- A new Earth.
520 ## - SUMMARY, ETC.
Summary, etc Tolle presents readers with an honest look at the current state of humanity: he implores us to see and accept that this state, which is based on an erroneous identification with the egoic mind, is one of dangerous insanity. However, there is an alternative to this potentially dire situation. Humanity now, perhaps more than in any previous time, has an opportunity to create a new, saner, more loving world. This will involve a radical inner leap from the current egoic consciousness to an entirely new one. In illuminating the nature of this shift, Tolle describes in detail how our current ego-based state of consciousness operates. Then gently, and in very practical terms, he leads us into this new consciousness. We will come to experience who we truly are--which is something infinitely greater than anything we currently think we are.--From publisher description.
650 #0 - SUBJECT ADDED ENTRY--TOPICAL TERM
Topical term or geographic name as entry element Spiritual life.
942 ## - ADDED ENTRY ELEMENTS (KOHA)
Source of classification or shelving scheme Dewey Decimal Classification
Koha item type Books
949 #0 - LOCAL PROCESSING INFORMATION (OCLC)
4 IP
a h
b HUM
c STACK
o 0
p 39080034613684
x 01
h BL624.T635 2006
Holdings
Source of classification or shelving scheme Damaged status Not for loan Home library Current library Shelving location Total Checkouts Full call number Barcode Date last seen Copy number Koha item type
Dewey Decimal Classification     JCC Rouf Library JCC Rouf Library General Stacks   204/.4 TOL 2006 9921 02/08/2018 C - 1 Books

JCC Library | Contacts | JCC Home

Last Update on 23 September 2017
Copyright @ 2017-2020 JCC Rouf Library
Rouf Library, Jhenidah Cadet College (JCC), Bangladesh